000 00548nam a2200169Ia 4500
008 180921t2017 xxu||||| |||| 00| 0 sin d
041 _asin
080 _a294.3
_bGNA
100 _aGnanananda Himi, Kiribathgoda
245 _aනුවණ වැඩෙන බෝසත් කථා - 15 :ජාතක පොත් වහන්සේ
246 _aNuwana Wedena Bosath Katha - 15 : Jathaka Poth Wahanse
260 _bMahamegha
_aPolgahawela
_c2017
300 _b60p, 20cm
942 _cBK
999 _c1934
_d1934
003 LK-CoDNM
040 _aLK-CoDNM
_dLK-CoDNM
_eLK-CoDNM